Sức khỏe & Đời sống Cuối tháng

Ngưng xuất bản từ 1/2019

محفوظ في:
التفاصيل البيبلوغرافية
المؤلف الرئيسي: Bộ Y tế
التنسيق: كتاب
اللغة:Undetermined
منشور في: Hà Nội
الموضوعات:
الوصول للمادة أونلاين:http://lrc.tdmu.edu.vn/opac/search/detail.asp?aID=2&ID=6857
الوسوم: إضافة وسم
لا توجد وسوم, كن أول من يضع وسما على هذه التسجيلة!
Thư viện lưu trữ: Trung tâm Học liệu Trường Đại học Thủ Dầu Một
LEADER 00603nam a2200181Ia 4500
001 TDMU_6857
008 210410s9999 xx 000 0 und d
082 |a NULL 
100 |a Bộ Y tế 
245 0 |a Sức khỏe & Đời sống 
245 0 |b Cuối tháng 
245 0 |c Bộ Y tế 
260 |a Hà Nội 
300 |a 34tr 
520 |a Ngưng xuất bản từ 1/2019 
650 |a Tạp chí Sức khỏe & Đời sống 
856 |u http://lrc.tdmu.edu.vn/opac/search/detail.asp?aID=2&ID=6857 
980 |a Trung tâm Học liệu Trường Đại học Thủ Dầu Một